<?xml version="1.0" encoding="UTF-8"?>
<record
    xmlns:xsi="http://www.w3.org/2001/XMLSchema-instance"
    xsi:schemaLocation="http://www.loc.gov/MARC21/slim http://www.loc.gov/standards/marcxml/schema/MARC21slim.xsd"
    xmlns="http://www.loc.gov/MARC21/slim">

  <leader>     nam a22     7a 4500</leader>
  <datafield tag="999" ind1=" " ind2=" ">
    <subfield code="c">149499</subfield>
    <subfield code="d">149497</subfield>
  </datafield>
  <controlfield tag="005">20190704114024.0</controlfield>
  <controlfield tag="008">190703b        xxu||||| |||| 00| 0 eng d</controlfield>
  <datafield tag="050" ind1=" " ind2=" ">
    <subfield code="a">PZ3.A296</subfield>
    <subfield code="b">F54 1933</subfield>
  </datafield>
  <datafield tag="100" ind1="1" ind2=" ">
    <subfield code="a">Fierro Blanco, Antonio de, </subfield>
    <subfield code="d">[1858-1937]</subfield>
  </datafield>
  <datafield tag="245" ind1="1" ind2="4">
    <subfield code="a">The Journey of the flame </subfield>
    <subfield code="b">: being an account of one year in the life of Se&#xF1;or Don Juan Obrig&#xF3;n known during past years in the three Californias as Juan Colorado and to the indiada of the same as the flame born at San Jos&#xE9; del Arroyo, lower California, M&#xE9;xico in 1798 and, having seen three centuries change customs and manners, died alone in 1902 at the great cardon, near Rosario, Mexico, with His face turned toward the south </subfield>
    <subfield code="c">/ Antonio de Fierro Blanco; with illustrations by Alfredo Ramos Mart&#xED;nez</subfield>
  </datafield>
  <datafield tag="260" ind1=" " ind2=" ">
    <subfield code="a">Boston :</subfield>
    <subfield code="b">Houghton Mifflin Company, </subfield>
    <subfield code="c">1933</subfield>
  </datafield>
  <datafield tag="300" ind1=" " ind2=" ">
    <subfield code="a">xviii, 295 p&#xE1;ginas ;</subfield>
    <subfield code="c">21 cm</subfield>
  </datafield>
  <datafield tag="600" ind1="1" ind2=" ">
    <subfield code="2">lemb</subfield>
    <subfield code="a">Obrig&#xF3;n, Juan</subfield>
    <subfield code="c">Don</subfield>
    <subfield code="q">Juan Colorado</subfield>
    <subfield code="x">Autobiograf&#xED;a</subfield>
    <subfield code="x">Ficci&#xF3;n</subfield>
  </datafield>
  <datafield tag="650" ind1=" " ind2="7">
    <subfield code="2">lemb</subfield>
    <subfield code="a">Jesuitas</subfield>
    <subfield code="z">California</subfield>
    <subfield code="x">Ficci&#xF3;n</subfield>
  </datafield>
  <datafield tag="651" ind1=" " ind2="7">
    <subfield code="2">lemb</subfield>
    <subfield code="a">Baja California (M&#xE9;xico, Pen&#xED;nsula)</subfield>
    <subfield code="x">Ficci&#xF3;n</subfield>
  </datafield>
  <datafield tag="651" ind1=" " ind2="7">
    <subfield code="2">lemb</subfield>
    <subfield code="a">Baja California (M&#xE9;xico, Pen&#xED;nsula)</subfield>
    <subfield code="x">Descripci&#xF3;n y viajes</subfield>
    <subfield code="x">Ficci&#xF3;n</subfield>
  </datafield>
  <datafield tag="700" ind1="1" ind2=" ">
    <subfield code="a">Ramos Mart&#xED;nez, Alfredo</subfield>
    <subfield code="e">ilustraciones</subfield>
  </datafield>
  <datafield tag="942" ind1=" " ind2=" ">
    <subfield code="2">lcc</subfield>
    <subfield code="c">LIB</subfield>
  </datafield>
  <datafield tag="952" ind1=" " ind2=" ">
    <subfield code="1">0</subfield>
    <subfield code="2">lcc</subfield>
    <subfield code="4">0</subfield>
    <subfield code="7">0</subfield>
    <subfield code="a">INV-033</subfield>
    <subfield code="b">INV-033</subfield>
    <subfield code="c">FBCEM</subfield>
    <subfield code="d">2019-07-04</subfield>
    <subfield code="k">EH</subfield>
    <subfield code="o">PZ3.A296 F54 1933</subfield>
    <subfield code="p">IIH000027969</subfield>
    <subfield code="r">2019-07-04 00:00:00</subfield>
    <subfield code="t">C:1</subfield>
    <subfield code="v">1.00</subfield>
    <subfield code="y">LIB</subfield>
  </datafield>
</record>
